| 000 | 00571nam a22002057a 4500 | ||
|---|---|---|---|
| 003 | OSt | ||
| 005 | 20140310182918.0 | ||
| 008 | 130129t xxu||||| |||| 00| 0 eng d | ||
| 020 | _a9718901019 | ||
| 050 |
_a JQ1424 . _bOr68 1989 |
||
| 082 |
_aFIL 342 _bOr3 1989 |
||
| 245 |
_aPhilippine government and the 1987 constitution notes and comments _cOrganista, Agustin F. |
||
| 260 |
_a[S. l. : _bs. n.], _c1989. |
||
| 300 |
_a334 p. ; _c22 cm. |
||
| 521 | _acollege students | ||
| 526 | _c1210L-1700L | ||
| 541 | _j1 | ||
| 562 | _e1 | ||
| 942 |
_2lcc _cBK _kFIL |
||
| 999 |
_c17318 _d17318 |
||